00507nam a22001577a 450000500170000001000150001702000260003203500130005803700130007110000210008424500900010526000450019527000630024030000270030350000190033020141113121235.0 aENG-111215 a9780198099550c895.00 aEN-94747 bDBAD/PUB aKumar, M. Dinesh aThirsty cities :bhow Indian cities can meet their water needs / cby M. Dinesh Kumar aNew DelhibOxford University Pressc2014 aYMCA Library building, 1 Jai Singh RoadbNew Delhie110001 axxvii, 343p.c23cm(Hb) aIncludes index